Paesi più visitati dagli italiani - Statistics

Statistiche generali
  • Questo quiz è stato fatto 70 volte
  • Il punteggio medio è 9 su 10
Statistiche sulle risposte
Turisti Paese % Corretto
7.500.000 Francia
100%
6.800.000 Spagna
100%
1.400.000 Stati Uniti
98%
3.500.000 Germania
97%
3.100.000 Regno Unito
95%
4.200.000 Grecia
92%
850.000 Giappone
85%
1.200.000 Austria
82%
1.900.000 Egitto
71%
2.400.000 Albania
52%
Nessun quiz corrispondente trovato
Distribuzione punteggi
Percentuale di utenti per punteggio
Percentile per numero di risposta
I tuoi punteggi nel tempo
Non hai fatto questo quiz